000 00678nam a2200205 4500
999 _c5709
_d5709
008 161116b xxu||||| |||| 00| 0 eng d
020 _a978-971-23-7838-6
082 _22016
_aDFil 658
_bP29o
100 _917494
_aPayos, Ranulfo P.
245 _aOrganization and management/
_cRanulfo P. Payos, Ernesto G. Espinosa and Orlando S. Zorilla.
250 _aFirst Edition
260 _aManila:
_bRex Book Store,
_cc2016.
300 _avi, 101 pages:
_billustrations;
_c26 cm.
500 _aIncludes index.
650 0 _917496
_aManagement
650 0 _917497
_aOrganization
700 _917498
_aEspinosa, Ernesto G.
700 _917500
_aZorilla, Orlando S.
942 _2ddc
_cDFIL